000 00824nac a22002651i 4500
003 EG-ScBUE
005 20250121095011.0
008 250121r19951970enka f 000 0 eng d
020 _a9780582254985
020 _a0582254981
040 _aEG-ScBUE
_beng
_erda
_cEG-ScBUE
_dEG-ScBUE
082 0 4 _a530
_bHUG
_222
100 1 _aHughes, Edward,
_eauthor.
245 1 0 _aEngineering science /
_cEdward Hughes and Christopher Hughes.
250 _aReprint edition.
264 1 _aHarlow :
_bLongmans,
_c1995.
300 _axiv, 339 pages :
_billustrations ;
_c22 cm
336 _2rdacontent
_atext
_btxt
337 _aunmediated
_2rdamedia
_bn
338 _avolume
_bnc
_2rdacarrier
650 7 _aPhysics.
_2BUEsh
655 _vReading book
700 1 _aHughes, Christopher,
_cM.I.Mech.E.,
_eauthor.
942 _cBB
_2ddc
999 _c4479
_d4479